000 00640nam a22002057a 4500
003 OSt
005 20140310181724.0
008 130307t xxu||||| |||| 00| 0 eng d
020 _a9780749450670
050 _aHF 5635
_b.St816 2008
082 _aIB 658.1511
_bSt3 2008
100 _aSteffan, Belinda.
245 _aEssential management accounting :
_bhow to maximise profit and boost financial performance /
_cBelinda Steffan.
260 _aLondon :
_bKogan Page Ltd. ,
_cc2008.
300 _c23 cm.
_a218 p. :
_bill. ;
650 _aManagerial accounting.
650 _aManagement accounting.
942 _2lcc
_cBK
999 _c2108
_d2108